00471nam a2200133Ia 450000500170000000800410001708200130005824500450007126000350011630000120015150001230016370000250028670000260031120250122032921.0240331s9999 xx 000 0 und d bHOMa920 0aHomage to guru :bS.Handy Perinbanayagam acolombobCeylon printersc1978 a38 p ., a"Homage to a guru", is published on the occasion of the 31st day ceremony of the death of Mr. S, Handy Perinbanayagam. aSivanayagam , Seedt aRatnapragasam, Seedt